PNL - Que la mif - Paroles - Part 2 - Statistiques

Statistiques générales
  • Ce quiz a été pris 14 fois
  • Le résultat moyen est 73 sur 185
Statistiques - réponses
Réponse % Correct
la
92%
A,
83%
à
83%
que
83%
Que
83%
B
75%
de
75%
le
75%
mif’
67%
mif
67%
O,
67%
tu
67%
igo,
58%
il
58%
je
58%
les
58%
dans
50%
famille
50%
J’suis
50%
j’suis
50%
mon
50%
n’da
50%
ou
50%
QLF
50%
vie
50%
vie,
50%
Z
50%
Alicanta,
42%
bat’,
42%
benda
42%
chico,
42%
faut
42%
l’île
42%
monde
42%
pas
42%
plan
42%
retour
42%
roupiller
42%
T’as
42%
tenta,
42%
un
42%
zoo
42%
ai
33%
au
33%
bails
33%
ce
33%
C’est
33%
c’est
33%
des
33%
F4.30,
33%
faire
33%
fais
33%
Gang
33%
gang
33%
guapa
33%
J’sais
33%
Même
33%
moi
33%
passe
33%
remonté
33%
Sheitana
33%
si
33%
sinon
33%
s’lever
33%
squad
33%
taga,
33%
Tes
33%
tes
33%
vers
33%
ainsi
25%
avancer,
25%
billets,
25%
bonnes
25%
classe
25%
cœur
25%
débrouille
25%
dernier
25%
d’Malaga
25%
donc
25%
gros
25%
IGD
25%
Ilinas,
25%
j’les
25%
j’peux
25%
J’sors
25%
j’vends,
25%
laisse
25%
l’oublier
25%
mal,
25%
manières
25%
oublier
25%
par
25%
pense
25%
Pense
25%
Postiché
25%
pour
25%
tomber
25%
tombes
25%
tôt
25%
trip
25%
Trop
25%
truc
25%
va
25%
après
17%
(bien
17%
binks,
17%
b’soin
17%
Déteste-moi,
17%
(déteste-moi,
17%
déteste-moi)
17%
dire
17%
d’me
17%
dormir
17%
Double
17%
flouz,
17%
(jamais)
17%
Mais
17%
marqué
17%
normal
17%
nuits
17%
oubliées
17%
posé,
17%
quoi
17%
soit
17%
sont
17%
tendance
17%
y’a
17%
blanche,
8%
font
8%
fumée
8%
j’rentre
8%
my
8%
paro)
8%
qui
8%
respecte-toi,
8%
sons
8%
teintées,
8%
vitres
8%
hantées
0%
Aucun quiz correspondant
Distribution des résultats
% des personnes avec chaque résultat
Percentile par nombre de réponses
Votre historique - résultats
Vous n’avez pas pris ce quiz